IA+C0

Elmentve itt :
Bibliográfiai részletek
Dokumentumtípus: Cikk
Megjelent: 1917-12-28
Sorozat:Délmagyarország 6 No. 300
Kulcsszavak:Régi, paraszti számolási módszer
Online Access:http://dmarchiv.bibl.u-szeged.hu/58733
LEADER 00396nab a2200145 i 4500
001 delm58733
005 20180927144607.0
008 180927s1917 hu o 0|| hun d
040 |a SZTE Délmagyarország Archívum  |b hun 
041 |a hun 
245 0 0 |a IA+C0  |h [elektronikus dokumentum] 
260 |c 1917-12-28 
300 |a 5 
490 0 |a Délmagyarország  |v 6 No. 300 
695 |a Régi, paraszti számolási módszer